000 01524nam a22002537a 4500
003 Uzh_bibl
008 260423b |||||||| |||| 00| 0 ukr d
020 _a978-966-2909-79-1
_c100.00
040 _bукр.
041 _2eng
_aukr
080 _a821.161.1
090 _a821.161.1
_bД45
100 _aДіккенс, Чарльз
245 _aРіздвяна історія
_cПер. з англ.І.Андрусяк
_hТекст
260 _aЛьвів
_b"Старого Лева"
_c2017
300 _a155 с.
_bіл.
_fВ опр.
520 _aСтарий Скрудж - непривітний скнара, від якого годі чекати доброго слова, - зневажає навіть таке велике свято, як Різдво. Та одного разу до нього приходить дух його померлого компаньйона - аби дати йому шанс стати іншою людиною з новим майбутнім. Але перш ніж змінити хід подій, Скрудж має пережити моторошні зустрічі з трьома привидами...
521 _aДля середього шкільного віку
546 _aукр.
650 _aЛітературно-художнє видання
653 _aПривид марлі
_aДіккенс і його Різдво
_aЗавершення цієї історії
655 _aХудожня література
_v-
942 _2udc
_cBK
999 _c17503
_d17503